| 000 | 01410nam a2200385Ii 4500 | ||
|---|---|---|---|
| 001 | DIGMINER0052 | ||
| 003 | NyNyDIG | ||
| 006 | m o d | ||
| 007 | cr ||||||||||| | ||
| 008 | 140501s1996 sp a ob 000 0 spa d | ||
| 020 | _z9788488123145 | ||
| 020 | _z8488123140 | ||
| 035 | _a(OCoLC)888248999 | ||
| 040 |
_aDGITA _beng _epn _cDGITA |
||
| 043 | _ae-sp--- | ||
| 050 | 1 | 4 | _aHJ1249.A1 eBook |
| 245 | 0 | 3 |
_aLa financiación de las comunidades autónomas / _cJuan Corona Ramón ... [et al.] ; E. Moldes y P. Puy (eds.). |
| 264 | 1 |
_aMadrid : _bMinerva Ediciones ; _aSantiago de Compostela : _bFundación Alfredo Brañas, _cc1996. |
|
| 300 |
_a1 online resource (243 pages) : _bill. |
||
| 336 |
_atext _btxt _2rdacontent |
||
| 337 |
_acomputer _bc _2rdamedia |
||
| 338 |
_aonline resource _bcr _2rdacarrier |
||
| 504 | _aIncludes bibliographical references. | ||
| 650 | 0 |
_aFinance, Public _zSpain _xAutonomous communities. |
|
| 650 | 0 |
_aIntergovernmental fiscal relations _zSpain. |
|
| 655 | 0 | _aElectronic books. | |
| 700 | 1 |
_aCorona Ramón, Juan Francisco, _d1959- |
|
| 700 | 1 |
_aMoldes, E. _q(Enrique) |
|
| 700 | 1 | _aPuy Fraga, Pedro. | |
| 791 | 2 |
_aDigitalia (Firm), _edistributor. |
|
| 793 | 0 |
_gDigitalia eBook Collection: _aMinerva Ediciones. |
|
| 856 | 4 | 0 |
_3Digitalia Hispánica _uhttps://www.digitaliapublishing.com/a/17532/ |
| 910 | _aPremium Collection: 2007-2012 | ||
| 942 | _cRAA | ||
| 999 |
_c235436 _d235436 |
||